| 000 | 00969nam a2200229Ia 4500 | ||
|---|---|---|---|
| 999 |
_c53156 _d53156 |
||
| 001 | 20195 | ||
| 003 | GE_BSU | ||
| 005 | 20250716110851.0 | ||
| 008 | 181216s1991||||ge |||||||||||||| ||geo|| | ||
| 040 | _cGE_BSU | ||
| 041 | _ageo | ||
| 080 | _a53(076.2) ჯ-26 | ||
| 100 |
_aჯაფარიძე, ჯუმბერ _925656 |
||
| 245 |
_aფიზიკის ამოცანების ამოხსნის ნიმუშები / _cჯუმბერ ჯაფარიძე ; რედ. : ი. მარგველაშვილი. |
||
| 264 |
_aთბილისი : _bგანათლება, _c1991. |
||
| 300 |
_a231 გვ. ; _c21 სმ. |
||
| 541 | _h7ლ.50თ. | ||
| 653 | _aფიზიკა | ||
| 653 | _aფიზიკის ამოცანების ამოხსნის ნიმუშები | ||
| 700 |
_a მარგველაშვილი, ი. _eრედაქტორი _925657 |
||
| 942 |
_cBK _2udc |
||